000 00503nam a22000977a 4500
008 170213b xxu||||| |||| 00| 0 eng d
100 _aMelville, Fred
245 _aPortugal : the Cameo stamps
260 _aLondon
_bMelville Stamp Books, [W.H. Peckitt],
_c1911
650 _aPortugal | 19th Century | Definitive Issues | Embossed Issues | First Issues | Stamps -- Histories | Production | Errors and Varieties | Printing | Designs | Paper | Gum | Color | Imperforate Issues | Perforation | Reissues and Reprints
999 _c2263
_d2263